Wissenschaftstheorie I: Einfuhrung in die Hauptprobleme
Saved in:
| Hovedforfatter: | |
|---|---|
| Format: | Bog |
| Sprog: | tysk |
| Udgivet: |
Stuttgart
Frommann-Holzboog
1978
|
| Udgivelse: | 2a. ed |
| Fag: | |
| Tags: |
Tilføj Tag
Ingen Tags, Vær først til at tagge denne postø!
|
MARC
| LEADER | 00000nam a2200000 a 4500 | ||
|---|---|---|---|
| 001 | UCY5191 | ||
| 003 | CL-VaPUC | ||
| 008 | 950417e19780000GW |||||||||||||||||ger|d | ||
| 082 | 0 | 4 | |a 501 |b WEI |2 21 |
| 100 | 0 | |a Weingartner, Paul |e author |9 333845 | |
| 245 | 1 | 0 | |a Wissenschaftstheorie I: Einfuhrung in die Hauptprobleme |
| 250 | |a 2a. ed | ||
| 300 | |a v | ||
| 942 | |c BK | ||
| 945 | |d 19950417 00:00:00 |a awong | ||
| 260 | |a Stuttgart |b Frommann-Holzboog |c 1978 | ||
| 650 | 0 | |a Filosofía de las ciencias |9 256466 | |
| 583 | |a last modification |c 20181001 01:40:27 |k Rodrigo Vera | ||
| 999 | |c 232898 |d 232896 | ||
| 952 | |0 0 |1 0 |4 0 |6 501_000000000000000_WEI_1978 |7 0 |8 P |9 237870 |a BIBEDU |b BIBEDU |c BIBEDU_PB |d 2019-11-18 |h v.1 |i 3076156 |o 501 WEI 1978 |p 3076156 |r 2024-01-25 |w 2019-11-18 |y BK |k FIL | ||